Statistics for 600+ Doubles

Click here to take the quiz!

General Stats

  • This quiz has been taken 10 times
  • The average score is 10 of 17

Answer Stats

HintAnswer% Correct
746Pete Rose
100%
724Ty Cobb
100%
601Barry Bonds
78%
624Hank Aaron
78%
603Cal Ripken
67%
665George Brett
67%
792 DoublesTris Speaker
67%
672Albert Pujols
56%
646Carl Yastrzemski
56%
643Honus Wagner
56%
657Nap Lajoie
56%
605Paul Wagner
56%
725Stan Musial
56%
668Craig Biggio
44%
605Paul Molitor
33%
636Adrian Beltre
22%
632David Ortiz
22%

Score Distribution

Percentile by Number Answered

Percent of People with Each Score

Your Score History

You have not taken this quiz